000 00533nam a2200121Ia 4500
008 220620s9999||||xx |||||||||||||| ||und||
100 _aLipovetsky, Mark
245 0 _aPostmodern Crises
_bFrom Lolita to Pussy Riot
546 _aEnglish[eng]
650 _aTechnology & Engineering||Marine & Naval||Literary Collections||Russian & Former Soviet Union
856 _uhttps://library.oapen.org/bitstream/20.500.12657/47349/1/external_content.pdf||https://library.oapen.org/bitstream/20.500.12657/47349/1/external_content.pdf
942 _cEB
999 _c28127
_d28127